000 01023nam a2200253 i 4500
001 177334
003 ES-MaACL
005 20251015063152.0
008 110316s2010 sp a | |||||||| |aspa d
020 _a978-84-614-6085-4
080 _a929 Jordà Agulló, Salvador
080 _a94(460)"1936/39"(093.3)
100 1 _aJordà Agulló, Salvador,
_d1917-1973
_9145659
245 1 0 _aMis memorias de la Guerra Española, 1936-1939 /
_cSalvador Jordà Agulló ; introducció i edició, Francesc-X. Blay Meseguer, Emilio La Parra López.
260 _aAlcoi :
_bCAEHA,
_c2010.
300 _a236 p. :
_bil. col. y n., mapas, retr. ;
_c22 cm.
500 _aCronología: p. 226-227.
546 _aTexto en castellano; presentación, introducción y cronología en valenciano.
651 4 _aEspaña-
_xHistoria-
_y1936-1939, Guerra civil-
_vRelatos personales.
_98326
700 1 _aBlay, Francesc-X.
_9145660
700 1 _aLa Parra López, Emilio.
_969173
852 _aES-MaACL
_jC-42383
999 _c177334
_d177334